<?xml version="1.0" encoding="UTF-8"?>
<record
    xmlns:xsi="http://www.w3.org/2001/XMLSchema-instance"
    xsi:schemaLocation="http://www.loc.gov/MARC21/slim http://www.loc.gov/standards/marcxml/schema/MARC21slim.xsd"
    xmlns="http://www.loc.gov/MARC21/slim">

  <leader>01061nam a2200241Ia 4500</leader>
  <controlfield tag="001">19514</controlfield>
  <controlfield tag="003">GE_BSU</controlfield>
  <controlfield tag="008">181216s||||||||xx |||||||||||||| ||und||</controlfield>
  <datafield tag="040" ind1=" " ind2=" ">
    <subfield code="c">GE_BSU</subfield>
  </datafield>
  <datafield tag="080" ind1=" " ind2=" ">
    <subfield code="a">811.353'367.626</subfield>
  </datafield>
  <datafield tag="100" ind1=" " ind2=" ">
    <subfield code="a">&#x10DB;&#x10D0;&#x10E0;&#x10E2;&#x10D8;&#x10E0;&#x10DD;&#x10E1;&#x10DD;&#x10D5;&#x10D8; , &#x10D0;&#x10E0;&#x10D0;&#x10DB;.</subfield>
  </datafield>
  <datafield tag="245" ind1=" " ind2=" ">
    <subfield code="a">&#x10DC;&#x10D0;&#x10EA;&#x10D5;&#x10D0;&#x10DA;&#x10E1;&#x10D0;&#x10EE;&#x10D4;&#x10DA;&#x10D8; &#x10E5;&#x10D0;&#x10E0;&#x10D7;&#x10D5;&#x10D4;&#x10DA;&#x10E3;&#x10E0; &#x10D4;&#x10DC;&#x10D4;&#x10D1;&#x10E8;&#x10D8; = &#x41C;&#x435;&#x441;&#x442;&#x43E;&#x438;&#x43C;&#x435;&#x43D;&#x438;&#x435; &#x432; &#x43A;&#x430;&#x440;&#x442;&#x432;&#x435;&#x43B;&#x44C;&#x441;&#x43A;&#x438;&#x445; &#x44F;&#x437;&#x44B;&#x43A;&#x430;&#x445;</subfield>
  </datafield>
  <datafield tag="245" ind1=" " ind2=" ">
    <subfield code="b">&#x10D8;&#x10E1;&#x10E2;&#x10DD;&#x10E0;&#x10D8;&#x10E3;&#x10DA; &#x10E8;&#x10D4;&#x10D3;&#x10D0;&#x10E0;&#x10D4;&#x10D1;&#x10D8;&#x10D7;&#x10D8; &#x10D0;&#x10DC;&#x10D0;&#x10DA;&#x10D8;&#x10D6;&#x10D8;</subfield>
  </datafield>
  <datafield tag="245" ind1=" " ind2=" ">
    <subfield code="c">&#x10E0;&#x10D4;&#x10D3;&#x10D0;&#x10E5;&#x10E2;&#x10DD;&#x10E0;&#x10D8; : &#x10D7;. &#x10E8;&#x10D0;&#x10E0;&#x10D0;&#x10E8;&#x10D4;&#x10DC;&#x10D8;&#x10EB;&#x10D4;</subfield>
  </datafield>
  <datafield tag="260" ind1=" " ind2=" ">
    <subfield code="a">&#x10D7;&#x10D1;&#x10D8;&#x10DA;&#x10D8;&#x10E1;&#x10D8;</subfield>
  </datafield>
  <datafield tag="260" ind1=" " ind2=" ">
    <subfield code="b">&#x10E1;&#x10D0;&#x10E5;&#x10D0;&#x10E0;&#x10D7;&#x10D5;&#x10D4;&#x10DA;&#x10DD;&#x10E1; &#x10E1;&#x10E1;&#x10E0; &#x10DB;&#x10D4;&#x10EA;&#x10DC;&#x10D8;&#x10D4;&#x10E0;&#x10D4;&#x10D1;&#x10D0;&#x10D7;&#x10D0; &#x10D0;&#x10D9;&#x10D0;&#x10D3;&#x10D4;&#x10DB;&#x10D8;&#x10D8;&#x10E1; &#x10D2;&#x10D0;&#x10DB;&#x10DD;&#x10DB;&#x10EA;&#x10D4;&#x10DB;&#x10DA;&#x10DD;&#x10D1;&#x10D0;</subfield>
  </datafield>
  <datafield tag="260" ind1=" " ind2=" ">
    <subfield code="c">1964</subfield>
  </datafield>
  <datafield tag="300" ind1=" " ind2=" ">
    <subfield code="a">402&#x10D2;&#x10D5;;22&#x10E1;&#x10DB;.</subfield>
  </datafield>
  <datafield tag="541" ind1=" " ind2=" ">
    <subfield code="h">3&#x10DA;.64&#x10D7;.</subfield>
  </datafield>
  <datafield tag="653" ind1=" " ind2=" ">
    <subfield code="a">&#x10DC;&#x10D0;&#x10EA;&#x10D5;&#x10D0;&#x10DA;&#x10E1;&#x10D0;&#x10EE;&#x10D4;&#x10DA;&#x10D8; &#x10E5;&#x10D0;&#x10E0;&#x10D7;&#x10D5;&#x10D4;&#x10DA;&#x10E3;&#x10E0; &#x10D4;&#x10DC;&#x10D4;&#x10D1;&#x10E8;&#x10D8;.</subfield>
  </datafield>
  <datafield tag="653" ind1=" " ind2=" ">
    <subfield code="a">&#x10E5;&#x10D0;&#x10E0;&#x10D7;&#x10E3;&#x10DA;&#x10D8; &#x10D4;&#x10DC;&#x10D0;</subfield>
  </datafield>
  <datafield tag="942" ind1=" " ind2=" ">
    <subfield code="c">BK</subfield>
  </datafield>
  <datafield tag="999" ind1=" " ind2=" ">
    <subfield code="c">52491</subfield>
    <subfield code="d">52491</subfield>
  </datafield>
  <datafield tag="952" ind1=" " ind2=" ">
    <subfield code="0">0</subfield>
    <subfield code="1">0</subfield>
    <subfield code="4">0</subfield>
    <subfield code="7">0</subfield>
    <subfield code="9">73031</subfield>
    <subfield code="d">2018-12-17</subfield>
    <subfield code="p">48634</subfield>
    <subfield code="r">2018-12-17</subfield>
    <subfield code="w">2018-12-17</subfield>
    <subfield code="y">BK</subfield>
  </datafield>
  <datafield tag="952" ind1=" " ind2=" ">
    <subfield code="0">0</subfield>
    <subfield code="1">0</subfield>
    <subfield code="4">0</subfield>
    <subfield code="7">0</subfield>
    <subfield code="9">73032</subfield>
    <subfield code="d">2018-12-17</subfield>
    <subfield code="p">48635</subfield>
    <subfield code="r">2018-12-17</subfield>
    <subfield code="w">2018-12-17</subfield>
    <subfield code="y">BK</subfield>
  </datafield>
</record>
